Wymień wszystkie stacje SKM Warszawa - Statystyki

Ogólne statystyki
  • Ten quiz został rozwiązany 151 razy
  • Średni wynik to 46 z 61
Statystyki odpowiedzi
Linie Dzielnica Stacja % Poprawnych
S1 Pruszków Pruszków
97%
S1 Piastów Piastów
96%
S1,S2 Śródmieście Warszawa Śródmieście
93%
S1 Ursus Warszawa Ursus
93%
S1,S2 Praga PŁD Warszawa wschodnia
93%
S1,S2,S3,S4,S40 Wola Warszawa zachodnia
93%
S1 Włochy Warszawa Włochy
92%
S1,S2 Wola Warszawa Ochota
91%
S1 Otwock Otwock
90%
S3,S4,S40 Legionowo Legionowo
89%
S1,S2 Praga PŁD Warszawa stadion
89%
S1 Wawer Warszawa Wawer
88%
S4,S40 Piaseczno Piaseczno
87%
S1,S2 Śródmieście Warszawa Powiśle
87%
S40 Radzymin Radzymin
86%
S2 Wesoła Warszawa Wesoła
86%
S4,S40 Wieliszew Wieliszew
86%
S1 Józefów Józefów
85%
S40 Nieporęt Nieporęt
85%
S2 Rembertów Warszawa Rembertów
85%
S3 Targówek Warszawa Targówek
85%
S2 Sulejówek Sulejówek
84%
S3 Śródmieście Warszawa Centralna
84%
S3,S4,S40 Praga PŁN Warszawa Praga
84%
S4,S40 Wola Warszawa Wola
84%
S40 Dąbkowizna Dąbkowizna
83%
S1 Ursus Warszawa Ursus niedźwiadek
83%
S4,S40 Nowa Iwiczna Nowa Iwiczna
82%
S4,S40 Śródmieście Warszawa Gdańska
82%
S2,S3 Włochy Warszawa Lotnisko Chopina
78%
S2 Sulejówek Sulejówek Miłosna
76%
S1 Praga PŁD Warszawa olszynka grochowska
74%
S1 Wawer Warszawa Anin
73%
S4,S40 Wola Warszawa Koło
73%
S4,S40 Wola Warszawa Powązki
73%
S2,S3,S4,S40 Mokotów Warszawa Służewiec
73%
S4,S40 Michałów Reginów Michałów-Reginów
72%
S2,S3,S4,S40 Ochota Warszawa Aleje Jerozolimskie
72%
S4 Zegrze Zegrze Południowe
72%
S3,S4,S40 Praga PŁN Warszawa Toruńska
71%
S1 Praga PŁD Warszawa Grochów
70%
S1 Wawer Warszawa Falenica
68%
S4,S40 Praga PŁN Warszawa Zoo
68%
S2,S3,S4,S40 Ochota Warszawa Żwirki i Wigury
68%
S1 Wawer Warszawa Międzylesie
66%
S4,S40 Wola Warszawa Młynów
66%
S2,S3,S4,S40 Ochota Warszawa Rakowiec
66%
S4,S40 Legionowo Legionowo Piaski
65%
S3,S4,S40 Białołęka Warszawa Choszczówka
64%
S4,S40 Ursynów Warszawa Okęcie
64%
S3,S4,S40 Białołęka Warszawa Żerań
64%
S3,S4,S40 Białołęka Warszawa Płudy
63%
S1 Wawer Warszawa Gocławek
62%
S2 Wesoła Warszawa Wola Grzybowska
60%
S1 Wawer Warszawa Miedzeszyn
59%
S1 Wawer Warszawa Radość
59%
S4,S40 Ursynów Warszawa Dawidy
58%
S4,S40 Ursynów Warszawa Jeziorki
55%
S1 Otwock Otwock Świder
51%
S1 Józefów Michalin
43%
S4 Wieliszew Wieliszew Centrum
43%
Nie znaleziono quizów pasujących do podanych kryteriów
Rozkład punktacji
Procent ludzi z każdym wynikiem
Percentyl według liczby udzielonych odpowiedzi
Twoja historia wyników
Nie rozwiązałeś tego quizu